Neuroanatomía funcional

Guardat en:
Dades bibliogràfiques
Autor principal: Bustamante B., Jairo
Format: Llibre
Idioma:anglès
Publicat: Wilmington Addison-Wesley Iberoamericana 1987
Col·lecció:Ciencias de la Salud
Matèries:
Etiquetes: Afegir etiqueta
Sense etiquetes, Sigues el primer a etiquetar aquest registre!

MARC

LEADER 00000nam a2200000 a 4500
001 UCW0511
003 CL-VaPUC
005 20210806185426.0
008 910924e19870000US |||||||||||||||||eng|d
999 |c 215651  |d 215649 
040 |c Pontificia Universidad Católica de Valparaíso 
082 0 4 |a 611.8 BUS 1987  |2 21 
100 0 |a Bustamante B., Jairo  |9 304431 
245 1 0 |a Neuroanatomía funcional 
260 |a Wilmington  |b Addison-Wesley Iberoamericana  |c 1987 
300 |a 314 páginas 
490 0 |a Ciencias de la Salud 
583 |a last modification  |c 20171031 11:00:12  |k Rodrigo Vera 
650 0 |a Neuroanatomía  |9 269717 
942 |c BK  |2 ddc 
945 |d 19910924 00:00:00